កូនព្រាបនិងបរិវារ / (Record no. 10125)

MARC details
000 -LEADER
fixed length control field 03055nam a22002897a 4500
001 - CONTROL NUMBER
control field 10125
003 - CONTROL NUMBER IDENTIFIER
control field FISKH
005 - DATE AND TIME OF LATEST TRANSACTION
control field 20260422102445.0
008 - FIXED-LENGTH DATA ELEMENTS--GENERAL INFORMATION
fixed length control field 260422b cb ||||| |||| 00| 0 eng d
040 ## - CATALOGING SOURCE
Original cataloging agency FISKH
Language of cataloging khr
Transcribing agency FISKH
Modifying agency FISKH
050 ## - LIBRARY OF CONGRESS CALL NUMBER
Classification number PZ7
082 ## - DEWEY DECIMAL CLASSIFICATION NUMBER
Classification number 398.2
100 ## - MAIN ENTRY--PERSONAL NAME
Personal name Son , Ven
245 ## - TITLE STATEMENT
Title កូនព្រាបនិងបរិវារ /
Statement of responsibility, etc. រៀបរៀងដោយ លោក វ៉ែន សុន : គូររូបដោយ គឹម សុគន្ធ
260 ## - PUBLICATION, DISTRIBUTION, ETC.
Place of publication, distribution, etc. ភ្នំពេញ :
Name of publisher, distributor, etc. អង្គការសន្តិស្ម័គ្រចិត្ត ( SVA ) ,
Date of publication, distribution, etc. 2012.
300 ## - PHYSICAL DESCRIPTION
Extent 22 pages :
Other physical details color illustrations ;
Dimensions 30 cm .
505 ## - FORMATTED CONTENTS NOTE
Formatted contents note K <br/>
520 ## - SUMMARY, ETC.
Summary, etc. កាលនោះមានស្តេចព្រាបនិងបរិវារមួយហ្វូងហើរស្វែងរកចំនី ពួកគេក៏ប្រទះឃើញស្រូវជាច្រើននៅលើដី ដោយភាពវៃឆ្លាតស្តេចព្រាបមិនចុះសុីស្រូវនោះទេ តែពួកបរិវារមិនស្តាប់បង្កាប់ក៏ចុះសុីរហូតជាប់អន្ទាក់ព្រាន ។ ស្តេចព្រាបក៏ប្រើគ្រប់មធ្យោបាយដើម្បីជួយខ្លួននិងបរិវារ ។​ ពួកវាខំហើរទៅលើដំបូករបស់ស្តេចកណ្តុរដែលជាសម្លាញ់នឹងគ្នា​ ។ កណ្តុរនិងបរិវារក៏ខំខាំករកេរខ្សែរហូតដាច់ ។ បន្ទាប់មកស្តេចព្រាបក៏ថ្លែងអំនរគុណដល់ស្តេចកណ្តុរហើយនាំបរិវារត្រលប់មកនៅលំនៅរបស់ខ្លួនវិញ ។​
520 ## - SUMMARY, ETC.
Summary, etc. Once upon a time, there was a pigeon king and his flock flying in search of food. They came across a large amount of rice scattered on the ground. Because of his wisdom, the pigeon king did not go down to eat the rice. However, his followers did not listen to his warning and went down to eat, and they were caught in a hunter’s trap.<br/><br/>The pigeon king then used every possible way to save himself and his flock. They all worked together and flew to the home of the mouse king, who was their friend. The mouse king and his followers helped by gnawing through the net until it was completely cut.<br/><br/>After that, the pigeon king expressed his gratitude to the mouse king and then led his flock back to their home safely.
521 8# - TARGET AUDIENCE NOTE
Target audience note 510 <br/>
Source Lexile estimate <br/>
521 8# - TARGET AUDIENCE NOTE
Target audience note K <br/>
Source Raz-Plus <br/>
650 ## - SUBJECT ADDED ENTRY--TOPICAL TERM
Topical term or geographic name entry element ស្តេចព្រាបនិងបរិវារ
Form subdivision រឿងនិទានកុមារ
650 ## - SUBJECT ADDED ENTRY--TOPICAL TERM
Topical term or geographic name entry element The pigeon king and his flock
Form subdivision Children's Stories
700 ## - ADDED ENTRY--PERSONAL NAME
Personal name Sokun , Kim
Relator term Illustrator
942 ## - ADDED ENTRY ELEMENTS (KOHA)
Source of classification or shelving scheme Dewey Decimal Classification
Koha item type Books
Suppress in OPAC No
Holdings
Withdrawn status Lost status Source of classification or shelving scheme Damaged status Not for loan Collection Home library Current library Shelving location Date acquired Total Checkouts Full call number Barcode Date last seen Price effective from Koha item type
    Dewey Decimal Classification     Khmer Language Books / សៀវភៅភាសាខ្មែរ Footprints International School Library Network Toul Tom Poung Campus Footprints International School Library Network Toul Tom Poung Campus TTP Primary Yellow Bookshelves 04/22/2026   SON PZ7 398.2 2026-0515 04/22/2026 04/22/2026 Books